Калининская область в поэзии. Вып. 1: Города и районы (Запись № 7002511)
[ простой вид ]
| 000 -МАРКЕР | |
|---|---|
| контрольное поле | 01430nam2a22002411 4500 |
| 001 - ИДЕНТИФИКАТОР ЗАПИСИ | |
| контрольное поле | rc\889102 |
| 005 - ИДЕНТИФИКАТОР ВЕРСИИ | |
| контрольное поле | 20250621233443.0 |
| 035 ## - ДРУГИЕ СИСТЕМНЫЕ НОМЕРА | |
| Идентификатор записи | (NLR Aleph) 005978382 |
| 100 ## - ДАННЫЕ ОБЩЕЙ ОБРАБОТКИ | |
| Данные общей обработки | 20041129d1984 |||y0rusy50 ca |
| 101 0# - ЯЗЫК РЕСУРСА | |
| Язык текста, звукозаписи и т.д. | русский |
| 102 ## - СТРАНА ПУБЛИКАЦИИ ИЛИ ПРОИЗВОДСТВА | |
| Страна публикации | российская федерация |
| 105 ## - ПОЛЕ КОДИРОВАННЫХ ДАННЫХ: ТЕКСТОВЫЕ МАТЕРИАЛЫ, МОНОГРАФИЧЕСКИЕ | |
| Кодированные данные о монографическом текстовом документе | y ||||||||| |
| 200 1# - ЗАГЛАВИЕ И СВЕДЕНИЯ ОБ ОТВЕТСТВЕННОСТИ | |
| Основное заглавие | Города и районы |
| Первые сведения об ответственности | [Подгот.: А.В. Чурина, библиограф, А.В. Грянкина] |
| 210 ## - ПУБЛИКАЦИЯ, РАСПРОСТРАНЕНИЕ И ДР. | |
| Дата издания, распространения и т.д. | 1984 |
| Место издания, распространения и т.д. | Б. м. |
| 215 ## - ФИЗИЧЕСКАЯ ХАРАКТЕРИСТИКА | |
| Специфическое обозначение материала и объем | 36 с. |
| 300 ## - ОБЩИЕ ПРИМЕЧАНИЯ | |
| Текст примечания | На тит. л.: Всесоюз. смотр самодеят. худож. творчества, посвящ. 40-летию Победы сов. народа в Великой Отеч. войне |
| 461 #0 - УРОВЕНЬ НАБОРА | |
| Встроенное поле | 001rc\1189005 |
| -- | 2001#$aКалининская область в поэзии$eРек. указ.$e[В 3 вып.]$fОбл. науч.-метод. центр нар. творчества и культпросветработы, Обл. б-ка им. А.М. Горького$vВып. 1 |
| Системный номер (АБИС) связанной записи | 6959762 |
| Место публикации | Калинин |
| Дата публикации | 1984 |
| Первые сведения об ответственности | Обл. науч.-метод. центр нар. творчества и культпросветработы, Обл. б-ка им. А.М. Горького |
| Имя издателя, распространителя и т.д. | Упрполиграфиздат |
| Сведения, относящиеся к заглавию | Рек. указ. : [В 3 вып.] |
| Заглавие | Калининская область в поэзии |
| Номер тома | Вып. 1 |
| 801 #0 - ИСТОЧНИК ЗАПИСИ | |
| Страна | российская федерация |
| Организация | NLR |
| Правила каталогизации | psbo |
| 801 #1 - ИСТОЧНИК ЗАПИСИ | |
| Страна | российская федерация |
| Организация | ELAR |
| Источник данных | rusmarc |
| 852 ## - МЕСТОНАХОЖДЕНИЕ И ШИФР ХРАНЕНИЯ | |
| Идентификатор организации | NLR |
| Наименование фонда или коллекции (Sub-Location Identifier) | С |
| Шифр хранения (Call Number) | К-1/2969 |
| 942 ## - ДОПОЛНИТЕЛЬНЫЕ ЭЛЕМЕНТЫ ЗАПИСИ (АБИС) | |
| Тип экземпляра АБИС | Книга |
| 980 ## - КОЛЛЕКЦИЯ | |
| Название коллекции | Национальная библиография |
| Тип экземпляра | Дата поступления | Библиотека постоянного хранения | Библиотека текущего хранения | Место хранения | Шифр хранения | Штрих-код | Статус не для выдачи |
|---|---|---|---|---|---|---|---|
| Книга | 26.10.2013 | РНБ (Московский) | РНБ (Московский) | Центральная справочная библиотека | С К-1/2969 | 1-3331585 |